000 01059nas a2200313 4500
001 BR2012009174
003 BR-BrBNA
005 20231205121558.0
007 ta
008 230509b bl.|||p| |||| 00| 00por d
040 _aBR-BrBNA
_bpor
_cBiblioteca Nacional de Agricultura
041 _a(Pt)
072 _aP33; F01
100 1 _aTavares, U.E.
100 1 _aRolim, M.M.
100 1 _aPedrosa, E.M.R.
100 1 _aMontenegro, A.A.A.
100 1 _aMagalhães, A.G.
100 1 _aBarreto, M.T.L.
245 1 _aVariabilidade espacial de atributos físicos e mecânicos de um Argissolo sob cultivo de cana-de-açúcar
650 _aFÍSICA DO SOLO
650 _aPROPRIEDADE FÍSICO-QUÍMICA
650 _aPROPRIEDADE MECÂNICA
650 _aCONSISTÊNCIA
773 0 _tRevista Brasileira de Engenharia Agrícola e Ambiental (Brazil)
_xISSN 1807-1929
_g(Nov-2012), v.16(11) p. 1206-1214
_wBR2012009174
856 4 0 _uhttp://www.agriambi.com.br/revista/v16n11/v16n11a09.pdf
909 _a202311
_bLúcia
_c55
_dLúcia Elande
942 _2AGRIS
_n0
_cANA
999 _c224215
_d224215